000 00573nam a2200193Ia 4500
005 20250508154828.0
008 008 250505s9999 xx 000 0 eng d
037 _aTextual
040 _aFEDL
_beng
_cFEDL
041 _aeng
_2eng
084 _a371.42, DOW
_qFEDL
100 _aDowning Lester N
245 0 _aGuidance and counseling services : An introduction
260 _aNew York, USA
_bMcGraw-Hill Book Company
_c1968
300 _ax,435p
490 _aMcGraw - Hill series in education
942 _cTEXL
_h371.42, DOW
999 _c1352354
_d1352354